Picture book (Khmer) : (Record no. 45551)
| 000 -LEADER | |
|---|---|
| fixed length control field | 00232nam a2200097 4500 |
| 020 ## - INTERNATIONAL STANDARD BOOK NUMBER | |
| International Standard Book Number | 9789995005061 |
| 245 ## - TITLE STATEMENT | |
| Title | Picture book (Khmer) : |
| Remainder of title | Vehicles / |
| 260 ## - PUBLICATION, DISTRIBUTION, ETC. (IMPRINT) | |
| Place of publication, distribution, etc | Cambodia: |
| Name of publisher, distributor, etc | Sipar, |
| 300 ## - PHYSICAL DESCRIPTION | |
| Extent | unpaged. |
| Other physical details | col. ill. |
| 942 ## - ADDED ENTRY ELEMENTS (KOHA) | |
| Source of classification or shelving scheme | |
| Koha item type | Book |
| Withdrawn status | Lost status | Source of classification or shelving scheme | Damaged status | Not for loan | Collection code | Home library | Current library | Date acquired | Total Checkouts | Full call number | Barcode | Date last seen | Date checked out | Price effective from | Koha item type |
|---|---|---|---|---|---|---|---|---|---|---|---|---|---|---|---|
| Siem Riep | Asian Hope Early Years Library | Asian Hope Early Years Library | 10/29/2024 | 6 | KHMER 620 VEH | 206365 | 08/27/2025 | 08/12/2025 | 10/29/2024 | Book | |||||
| TEACHERS' RESOURCES | Asian Hope Primary Library | Asian Hope Primary Library | 06/27/2023 | 1 | KHMER 620 VEH | 204370 | 03/21/2024 | 03/14/2024 | 06/27/2023 | Book |